Finca y el acceso al crédito para pequeños productores rurales
Guardado en:
| Autor principal: | |
|---|---|
| Otros Autores: | |
| Formato: | Libro |
| Lenguaje: | Spanish |
| Etiquetas: |
Agregar Etiqueta
Sin Etiquetas, Sea el primero en etiquetar este registro!
|
MARC
| LEADER | 00000nam a22000007a 4500 | ||
|---|---|---|---|
| 003 | cru CIDCACS/IIS | ||
| 005 | 20171221062530.0 | ||
| 007 | ta | ||
| 008 | 171220t1993 cr |||||r|||||||| ||spa|d | ||
| 999 | |c 40767 |d 40767 | ||
| 040 | |c cru CIDCACS/IIS | ||
| 100 | 1 | |9 6286 |a Quirós Rodríguez, Rodolfo E. | |
| 245 | 1 | |a Finca y el acceso al crédito para pequeños productores rurales |c Rodolfo E. Quirós, Ronulfo Jiménez R. | |
| 300 | |a páginas 63-116: |b tablas, gráficos, mapa | ||
| 700 | 1 | |9 6285 |a Jiménez Rodríguez, Ronulfo | |
| 773 | 0 | |0 40765 |9 1715 |a González Vega, Claudio |d Costa Rica: Academia de Centroamérica ; Ohio State University; Fundación Interamericana, 1993 |o 16454 |t Financiamiento de la microempresa rural: |z 9977210195 | |
| 942 | |2 ddc |c LI | ||



